Trouver les créatures fantastiques par images - Statistiques

Statistiques générales
  • Ce quiz a été pris 714 fois
  • Le résultat moyen est 5 sur 8
Statistiques - réponses
Par images Réponse % Correct
Dragon
95%
Fée
81%
Licorne
71%
Centaure
66%
Lutin
61%
Ange
42%
Démon
34%
Gnome
34%
Aucun quiz correspondant
Distribution des résultats
% des personnes avec chaque résultat
Percentile par nombre de réponses
Votre historique - résultats
Vous n’avez pas pris ce quiz